000
00285nam a22001217a 4500
020
_a
0-07-035399-9
082
_a
629.892 KOR'R
100
_a
KOREN, YORAM
_9
66432
245
_a
ROBOTICS FOR ENGINEERS
260
_a
NEWYORK
_b
MCGRAW HILL
_c
1987
650
_a
ROBOTICS
_9
2585
942
_c
BK
999
_c
574408
_d
574408